000 nam a22 7a 4500
999 _c10889
_d10889
008 180308b ||||| |||| 00| 0 eng d
100 _aSingh,A.P.
_96472
245 _aMathematics-VIII
260 _aNew Delhi
_bS. Dinesh
_c2013